| 000 | 00751cam a22002291 4500 | ||
|---|---|---|---|
| 001 | ne 68000742 | ||
| 003 | DLC | ||
| 005 | 20260227111838.0 | ||
| 008 | 870413s1966 ir 000 0 pero | ||
| 010 | _ane 68000742 | ||
| 035 | _a(OCoLC)15524621 | ||
| 040 |
_aDLC _cCU _dDLC |
||
| 042 | _apremarc | ||
| 050 | 0 | 0 |
_aDS294 _b.M38 |
| 100 | 2 | _aMaymandī Nizhād, Muḥammad Ḥusayn. | |
| 245 | 1 | 0 |
_aZindagī-i purmājarā-yi Nādir Shāh Afshār, _cbi-qalam Muḥammad Ḥusayn MaymandīʹNizhād. |
| 260 |
_a[Tihrān] _bChāpkhānah-'i Tābān _c1345 [1966 or 7] |
||
| 300 |
_a1024 p. _c30 cm. |
||
| 500 | _a"Az intishārāt-i Majallah-'i Sapīd va Siyāh" | ||
| 600 | 0 | 0 |
_aNādir Shāh, _cShah of Iran, _d1688-1747. |
| 740 | 0 | _aNādir Shāh Afshār. | |
| 999 |
_c50143 _d50143 |
||